MARC details
| 000 -CABECERA |
| campo de control de longitud fija |
00976nam a22002537a 4500 |
| 003 - IDENTIFICADOR DEL NÚMERO DE CONTROL |
| campo de control |
DO-SdBNP |
| 005 - FECHA Y HORA DE LA ÚLTIMA TRANSACCIÓN |
| campo de control |
20220824105235.0 |
| 007 - CAMPO FIJO DE DESCRIPCIÓN FÍSICA--INFORMACIÓN GENERAL |
| campo de control de longitud fija |
ta |
| 008 - DATOS DE LONGITUD FIJA--INFORMACIÓN GENERAL |
| campo de control de longitud fija |
210916e2012 dr a|||grc||| 00| 0 spa d |
| 040 ## - FUENTE DE LA CATALOGACIÓN |
| Centro catalogador/agencia de origen |
DO-SdBNP |
| Lengua de catalogación |
spa |
| Centro/agencia transcriptor |
BNPHU |
| 082 #4 - NÚMERO DE LA CLASIFICACIÓN DECIMAL DEWEY |
| Número de edición |
22 |
| Número de documento/Ítem |
M311n |
| 245 12 - MENCIÓN DE TÍTULO |
| Título |
Maravillas naturales de nuestra tierra / |
| Mención de responsabilidad, etc. |
José Manuel Mateo, César Amado Martínez, Nilba Pérez, Carmen Ligia Barceló; Carlos de Soto Molinares, Margarita Mora, Mayo Rodríguez, fotogr. |
| 260 ## - PUBLICACIÓN, DISTRIBUCIÓN, ETC. |
| Lugar de publicación, distribución, etc. |
Santo Domingo : |
| Nombre del editor, distribuidor, etc. |
Amigos del Hogar, |
| Fecha de publicación, distribución, etc. |
2012 |
| 300 ## - DESCRIPCIÓN FÍSICA |
| Extensión |
181 p: |
| Otras características físicas |
il.; |
| Dimensiones |
37 cm |
| 590 ## - NOTA LOCAL (RLIN) |
| Nota local |
Inventariado 2021 / MF |
| 700 12 - PUNTO DE ACCESO ADICIONAL--NOMBRE DE PERSONA |
| 9 (RLIN) |
73460 |
| Nombre de persona |
Mateo Féliz, José Manuel |
| Fechas asociadas al nombre |
1947- |
| 700 12 - PUNTO DE ACCESO ADICIONAL--NOMBRE DE PERSONA |
| Nombre de persona |
Amado Martínez, César |
| 9 (RLIN) |
79915 |
| 700 12 - PUNTO DE ACCESO ADICIONAL--NOMBRE DE PERSONA |
| Nombre de persona |
Pérez, Nilba. |
| 9 (RLIN) |
79916 |
| 700 #2 - PUNTO DE ACCESO ADICIONAL--NOMBRE DE PERSONA |
| 9 (RLIN) |
77985 |
| Nombre de persona |
Barceló, Carmen Ligia |
| 700 12 - PUNTO DE ACCESO ADICIONAL--NOMBRE DE PERSONA |
| Nombre de persona |
Soto Molinares , Carmen, de, |
| Término indicativo de función/relación |
fotogr. |
| 9 (RLIN) |
79917 |
| 700 12 - PUNTO DE ACCESO ADICIONAL--NOMBRE DE PERSONA |
| Nombre de persona |
Rodríguez, Mayo, |
| Término indicativo de función/relación |
fotogr. |
| 9 (RLIN) |
79918 |
| 710 10 - PUNTO DE ACCESO ADICIONAL--NOMBRE DE ENTIDAD CORPORATIVA |
| Nombre de entidad corporativa o nombre de jurisdicción como elemento de entrada |
Ministerio de Medio Ambiente y Recursos Naturales |
| 9 (RLIN) |
76380 |
| 942 ## - ELEMENTOS DE PUNTO DE ACCESO ADICIONAL (KOHA) |
| Fuente del sistema de clasificación o colocación |
Dewey Decimal Classification |
| Tipo de ítem Koha |
Libro |